[Event "SVK-ch U16"]
[Site "Liptovsky Mikulas"]
[Date "2017.04.26"]
[Round "7"]
[White "Hadzala, Juraj"]
[Black "Sivcak, Matej"]
[Result "0-1"]
[WhiteElo "1548"]
[BlackElo "1764"]
[PlyCount "70"]
[EventDate "2017.04.22"]
[EventType "swiss"]
[EventRounds "9"]
[EventCountry "SVK"]
[SourceTitle "CBM 178 Extra"]
[Source "ChessBase"]
[SourceDate "2017.06.22"]
[SourceVersion "1"]
[SourceVersionDate "2017.06.22"]
[SourceQuality "1"]

1. e4 e5 2. Nf3 d6 3. d4 Nd7 4. Nc3 c6 5. d5 Be7 6. Be2 Ngf6 7. 0-0 cxd5 8. exd5 0-0 9. h3 a6 10. Nh2 Nc5 11. Be3 b5 12. Ng4 b4 13. Nxf6+ Bxf6 14. Bxc5 dxc5 15. Ne4 Qb6 16. c4 Bd8 17. Qd2 f5 18. Ng3 f4 19. Ne4 Bxh3 20. gxh3 Qg6+ 21. Kh2 Qxe4 22. Bd3 Qf3 23. Be2 Qe4 24. Bd3 Qd4 25. Rae1 e4 26. Rxe4 Qf6 27. f3 Qh4 28. Rg1 Bg5 29. Rg4 Qg3+ 30. Rxg3 fxg3+ 31. Kxg3 Bxd2 32. Re6 Bc1 33. Rc6 Rfc8 34. Re6 Bxb2 35. d6 Re8 0-1

[Event "World ol U16"]
[Site "Poprad"]
[Date "2016.07.25"]
[Round "5.4"]
[White "Nilssen, Ellen Fredericia"]
[Black "Hadzala, Juraj"]
[Result "1-0"]
[WhiteElo "1881"]
[BlackElo "1516"]
[PlyCount "49"]
[EventDate "2016.07.22"]
[EventType "team-swiss"]
[EventRounds "9"]
[EventCountry "SVK"]
[SourceTitle "EXT 2017"]
[Source "ChessBase"]
[SourceDate "2016.10.25"]
[SourceVersion "1"]
[SourceVersionDate "2016.10.25"]
[SourceQuality "1"]
[WhiteTeam "Denmark"]
[BlackTeam "Slovakia KSZ"]
[WhiteTeamCountry "DEN"]
[BlackTeamCountry "SVK"]

1. d4 e6 2. c4 b6 3. Nc3 Bb7 4. Nf3 f5 5. Qc2 Nf6 6. e3 Bb4 7. a3 Bxc3+ 8. Qxc3 Ne4 9. Qc2 0-0 10. Bd3 d6 11. b3 Nd7 12. Bb2 Qe8 13. 0-0-0 c5 14. Rhg1 Rc8 15. g4 g6 16. gxf5 exf5 17. d5 Ndf6 18. Ng5 a6 19. Ne6 Rf7 20. f3 Bxd5 21. cxd5 Nxd5 22. fxe4 Nxe3 23. Qc3 Ra7 24. Qh8+ Kf7 25. Qxh7+ 1-0

[Event "SVK-ch U16"]
[Site "Liptovsky Mikulas"]
[Date "2016.04.19"]
[Round "5"]
[White "Hadzala, Juraj"]
[Black "Bango, Dominik"]
[Result "0-1"]
[WhiteElo "1499"]
[BlackElo "1732"]
[PlyCount "52"]
[EventDate "2016.04.16"]
[EventType "swiss"]
[EventRounds "9"]
[EventCountry "SVK"]
[SourceTitle "CBM 172 Extra"]
[Source "ChessBase"]
[SourceDate "2016.06.21"]
[SourceVersion "1"]
[SourceVersionDate "2016.06.21"]
[SourceQuality "1"]

1. e4 e5 2. Nf3 Nc6 3. Nc3 Nf6 4. d3 h6 5. Be2 Be7 6. h3 0-0 7. Be3 d5 8. exd5 Nxd5 9. Nxd5 Qxd5 10. 0-0 Kh8 11. Qd2 Qd6 12. Nh2 f5 13. f4 e4 14. Kh1 Bd7 15. Rg1 Bf6 16. c3 exd3 17. Bxd3 Rad8 18. Qc2 Ne7 19. Rad1 Qe6 20. Rge1 Qf7 21. a3 b6 22. Qe2 Bc6 23. Nf3 Bb7 24. Nd4 Bxd4 25. Bxd4 c5 26. Bxg7+ Qxg7 0-1

[Event "SVK-ch U16"]
[Site "Liptovsky Mikulas"]
[Date "2016.04.16"]
[Round "1"]
[White "Batora, Matej"]
[Black "Hadzala, Juraj"]
[Result "1-0"]
[WhiteElo "1929"]
[BlackElo "1499"]
[PlyCount "51"]
[EventDate "2016.04.16"]
[EventType "swiss"]
[EventRounds "9"]
[EventCountry "SVK"]
[SourceTitle "CBM 172 Extra"]
[Source "ChessBase"]
[SourceDate "2016.06.21"]
[SourceVersion "1"]
[SourceVersionDate "2016.06.21"]
[SourceQuality "1"]

1. e4 c5 2. Nf3 Nc6 3. d4 cxd4 4. Nxd4 d6 5. Nc3 Nf6 6. f3 g6 7. Be3 Bg7 8. Qd2 0-0 9. 0-0-0 Bd7 10. g4 Ne5 11. h4 Rc8 12. h5 Nc4 13. Bxc4 Rxc4 14. hxg6 fxg6 15. e5 Nxg4 16. fxg4 Bxg4 17. Rdg1 dxe5 18. Rxg4 exd4 19. Qd3 Rb4 20. a3 Qc8 21. Rgh4 Rc4 22. Nd5 Qc5 23. Nxe7+ Kf7 24. Rxh7 dxe3 25. Qxg6+ Kxe7 26. Qxg7+ 1-0

[Event "SVK-ch U14"]
[Site "Tatralandia"]
[Date "2015.04.22"]
[Round "6"]
[White "Stolar, Pavol"]
[Black "Hadzala, Juraj"]
[Result "1-0"]
[WhiteElo "1167"]
[BlackElo "1389"]
[PlyCount "85"]
[EventDate "2015.04.18"]
[EventType "swiss"]
[EventRounds "9"]
[EventCountry "SVK"]
[SourceTitle "CBM 166 Extra"]
[Source "ChessBase"]
[SourceDate "2015.06.18"]
[SourceVersion "1"]
[SourceVersionDate "2015.06.18"]
[SourceQuality "1"]

1. Nf3 Nc6 2. c4 e5 3. Nc3 Nf6 4. g3 d6 5. Bg2 Be6 6. b3 Qd7 7. 0-0 Be7 8. Re1 Bh3 9. Bb2 Bxg2 10. Kxg2 0-0-0 11. d4 h5 12. dxe5 Nxe5 13. Nxe5 dxe5 14. Qxd7+ Nxd7 15. Nd5 Bd6 16. Ne3 f6 17. Nf5 g6 18. Nxd6+ cxd6 19. Rad1 Nc5 20. f4 Ne6 21. e3 h4 22. Rd2 Rh7 23. Red1 Kc7 24. Ba3 Rhd7 25. fxe5 fxe5 26. gxh4 g5 27. hxg5 Nxg5 28. h4 Ne4 29. Rd3 Rh8 30. c5 Rg7+ 31. Kf3 Rxh4 32. cxd6+ Kd7 33. Re1 Rh3+ 34. Kxe4 Rg4+ 35. Kd5 Rh5 36. e4 b5 37. Rc1 a5 38. Rc7+ Kd8 39. Rf3 Rf4 40. Rg3 Rh8 41. Rgg7 Rf6 42. Ra7 b4 43. Ra8# 1-0

[Event "SVK-ch U14"]
[Site "Tatralandia"]
[Date "2015.04.18"]
[Round "1"]
[White "Bango, Lukas"]
[Black "Hadzala, Juraj"]
[Result "1-0"]
[WhiteElo "2133"]
[BlackElo "1389"]
[PlyCount "77"]
[EventDate "2015.04.18"]
[EventType "swiss"]
[EventRounds "9"]
[EventCountry "SVK"]
[SourceTitle "CBM 166 Extra"]
[Source "ChessBase"]
[SourceDate "2015.06.18"]
[SourceVersion "1"]
[SourceVersionDate "2015.06.18"]
[SourceQuality "1"]

1. c4 c5 2. Nf3 d6 3. d4 cxd4 4. Nxd4 Nc6 5. Nc3 Nf6 6. e3 e5 7. Nc2 Be6 8. Be2 Be7 9. 0-0 0-0 10. b3 Qd7 11. Bb2 Rfd8 12. Bf3 d5 13. cxd5 Nxd5 14. Qe2 Bf6 15. Bxd5 Bxd5 16. Rfd1 Qe6 17. e4 Nd4 18. Nxd4 exd4 19. exd5 Qxe2 20. Nxe2 d3 21. Nc3 Bxc3 22. Bxc3 Rxd5 23. Kf1 Rc8 24. Rac1 f5 25. Bd2 Rc2 26. a4 Rdc5 27. Rxc2 Rxc2 28. Be1 Kf7 29. Rxd3 Ke6 30. Rd2 Rc6 31. Ke2 g6 32. Rd3 a6 33. Bd2 h5 34. Rc3 Rb6 35. Be3 Rb4 36. Bc5 Re4+ 37. Re3 Ke5 38. f3 f4 39. Rxe4+ 1-0

[Event "Humenne Reinter op"]
[Site "Humenne"]
[Date "2015.??.??"]
[Round "6"]
[White "Ondo, Tomas"]
[Black "Hadzala, Juraj"]
[Result "1/2-1/2"]
[WhiteElo "1664"]
[BlackElo "1386"]
[PlyCount "116"]
[EventDate "2015.06.12"]
[EventType "swiss"]
[EventRounds "7"]
[EventCountry "SVK"]
[SourceTitle "CBM 167 Extra"]
[Source "ChessBase"]
[SourceDate "2015.09.14"]
[SourceVersion "1"]
[SourceVersionDate "2015.09.14"]
[SourceQuality "1"]

1. e4 e5 2. c4 d6 3. g3 c5 4. Bg2 Nc6 5. Nc3 Nf6 6. h3 Be6 7. d3 h6 8. Nge2 Qd7 9. Be3 Be7 10. f4 exf4 11. gxf4 Qc7 12. Qd2 a6 13. b3 Nh7 14. Bf2 f5 15. Ng3 g6 16. Nd5 Bxd5 17. cxd5 Bf6 18. Rc1 Ne7 19. d4 b6 20. e5 dxe5 21. dxe5 Bxe5 22. fxe5 Qxe5+ 23. Qe2 Qd6 24. 0-0 Nf6 25. Rfe1 Ra7 26. Qe5 Rd7 27. Rcd1 Qxe5 28. Rxe5 Kf7 29. Ne2 Rhd8 30. Nf4 g5 31. Ne6 Re8 32. Kf1 Nfxd5 33. Nxg5+ hxg5 34. Bxd5+ Nxd5 35. Rexd5 Rxd5 36. Rxd5 Ke6 37. Rd2 Rc8 38. Kg2 b5 39. Kf3 c4 40. Rc2 Kd5 41. b4 Rh8 42. Rd2+ Ke6 43. Kg3 Rc8 44. Bc5 a5 45. a3 axb4 46. Bxb4 Ke5 47. Kf3 c3 48. Rc2 Kd4 49. Ke2 g4 50. hxg4 fxg4 51. Kf2 Kd3 52. Rc1 Kd2 53. Rg1 Kc2 54. Rxg4 Kb2 55. Rg5 c2 56. Rxb5 c1Q 57. Bd2+ Kxa3 58. Bxc1+ Rxc1 1/2-1/2

[Event "SVK-ch U14"]
[Site "Stara Lubovna"]
[Date "2014.04.08"]
[Round "5"]
[White "Ganz, Tomas"]
[Black "Hadzala, Juraj"]
[Result "0-1"]
[WhiteElo "1137"]
[BlackElo "1176"]
[PlyCount "92"]
[EventDate "2014.04.05"]
[EventType "swiss"]
[EventRounds "9"]
[EventCountry "SVK"]
[SourceTitle "EXT 2016"]
[Source "ChessBase"]
[SourceDate "2015.10.08"]
[SourceVersion "1"]
[SourceVersionDate "2015.10.08"]
[SourceQuality "1"]

1. e4 c5 2. Nf3 d6 3. h3 Nf6 4. c3 g6 5. Be2 Bg7 6. d3 0-0 7. Bg5 Qb6 8. b3 Nc6 9. 0-0 Qa5 10. c4 Nxe4 11. dxe4 Bxa1 12. Nbd2 Bg7 13. a4 Qc7 14. Qb1 Ne5 15. Nxe5 Bxe5 16. Nf3 Be6 17. Nxe5 dxe5 18. Bh6 Rfd8 19. Bd3 Qd7 20. Rd1 Bxh3 21. Be2 Qe6 22. Kh2 Bg4 23. f3 Bxf3 24. Bxf3 Qf6 25. Be3 Qh4+ 26. Kg1 b6 27. Bf2 Qf4 28. Re1 Qd2 29. Rd1 Qc3 30. Be1 Rxd1 31. Qxd1 Qd4+ 32. Bf2 Qxd1+ 33. Bxd1 e6 34. Kf1 f5 35. exf5 exf5 36. g4 Kf7 37. Bg3 f4 38. Bf2 Rd8 39. Bf3 Rd3 40. Bd5+ Kf6 41. Bc6 Rxb3 42. Ke2 Rc3 43. Bb5 e4 44. Kd2 e3+ 45. Bxe3 Rxe3 46. Bc6 Rg3 0-1

[Event "SVK-ch U14"]
[Site "Stara Lubovna"]
[Date "2014.04.07"]
[Round "3"]
[White "Gyurenka, Adam"]
[Black "Hadzala, Juraj"]
[Result "1-0"]
[WhiteElo "1429"]
[BlackElo "1176"]
[PlyCount "103"]
[EventDate "2014.04.05"]
[EventType "swiss"]
[EventRounds "9"]
[EventCountry "SVK"]
[SourceTitle "EXT 2016"]
[Source "ChessBase"]
[SourceDate "2015.10.08"]
[SourceVersion "1"]
[SourceVersionDate "2015.10.08"]
[SourceQuality "1"]

1. d4 d5 2. c4 Nf6 3. Nc3 e6 4. Bg5 Be7 5. Nf3 0-0 6. e3 Ng4 7. Bxe7 Qxe7 8. cxd5 Qb4 9. Qd2 exd5 10. Nxd5 Qxd2+ 11. Nxd2 Re8 12. Nxc7 Re7 13. Nxa8 Nc6 14. Rc1 Bd7 15. Nc7 Nxd4 16. Nd5 Re8 17. Rc4 Nc6 18. Rf4 h5 19. Be2 Nce5 20. h3 Nh6 21. Bxh5 Nd3+ 22. Ke2 Nxf4+ 23. Nxf4 Bb5+ 24. Ke1 Rc8 25. Kd1 g6 26. Be2 Bc6 27. f3 Nf5 28. e4 Ne3+ 29. Ke1 g5 30. Nh5 Nc2+ 31. Kf2 Bd7 32. Nf6+ Kg7 33. Nxd7 Rd8 34. Rc1 Nb4 35. Rc7 Nc6 36. Ke3 b6 37. Bb5 Nb4 38. a3 Na2 39. Ba4 a6 40. Bb3 Nc1 41. Rxc1 Rxd7 42. Rc6 Rb7 43. Bd5 Rb8 44. Rc7 Rf8 45. Nc4 b5 46. Ne5 Kh6 47. Nxf7+ Kh5 48. g4+ Kh4 49. Kf2 Kxh3 50. Nxg5+ Kh4 51. Ne6 Rh8 52. Rc1 1-0

[Event "SVK-ch U12"]
[Site "Lubovna"]
[Date "2013.04.11"]
[Round "7"]
[White "Cader, Matej"]
[Black "Hadzala, Juraj"]
[Result "1-0"]
[WhiteElo "1187"]
[BlackElo "1000"]
[PlyCount "64"]
[EventDate "2013.04.06"]
[EventType "swiss"]
[EventRounds "9"]
[EventCountry "SVK"]
[SourceTitle "CBM 153 Extra"]
[Source "ChessBase"]
[SourceDate "2013.04.22"]
[SourceVersion "1"]
[SourceVersionDate "2013.04.22"]
[SourceQuality "1"]

1. e4 c5 2. Nf3 Nc6 3. d4 cxd4 4. Nxd4 Nf6 5. Nc3 Qa5 6. Nb3 Qb4 7. Bd3 Nd4 8. Nxd4 Qxd4 9. 0-0 g6 10. Re1 d6 11. Bb5+ Nd7 12. Qxd4 f6 13. Qb4 Bg7 14. Bxd7+ Bxd7 15. Qxb7 0-0 16. Qxd7 Rf7 17. Qe6 Raf8 18. Be3 Kh8 19. Bxa7 f5 20. exf5 Rxf5 21. Qb3 Rf4 22. Re2 Ra8 23. Re4 Rf5 24. Rxe7 Raf8 25. a4 Rf4 26. a5 Bd4 27. Bxd4+ Rxd4 28. a6 Rd2 29. Re2 Rxe2 30. Nxe2 d5 31. a7 Ra8 32. Qb8+ Rxb8 1-0

[Event "SVK-ch U12"]
[Site "Lubovna"]
[Date "2013.04.08"]
[Round "4"]
[White "Ciglian, Michal"]
[Black "Hadzala, Juraj"]
[Result "0-1"]
[WhiteElo "1090"]
[BlackElo "1000"]
[PlyCount "96"]
[EventDate "2013.04.06"]
[EventType "swiss"]
[EventRounds "9"]
[EventCountry "SVK"]
[SourceTitle "CBM 153 Extra"]
[Source "ChessBase"]
[SourceDate "2013.04.22"]
[SourceVersion "1"]
[SourceVersionDate "2013.04.22"]
[SourceQuality "1"]

1. e4 c5 2. Nf3 Nc6 3. d4 cxd4 4. Nxd4 Nf6 5. Nc3 Qa5 6. Bb5 Nxe4 7. 0-0 Nxc3 8. bxc3 Qxc3 9. Be3 a6 10. Bxc6 bxc6 11. Qd3 Qxd3 12. cxd3 g6 13. Rab1 Bg7 14. Nf3 0-0 15. Bd4 Bxd4 16. Nxd4 c5 17. Nb3 d6 18. Rfe1 Bf5 19. Rxe7 Bxd3 20. Rd1 c4 21. Nc1 Rae8 22. Rxe8 Rxe8 23. h3 Re2 24. Nxd3 cxd3 25. Rxd3 Rxa2 26. Rxd6 a5 27. Kf1 a4 28. g4 a3 29. f4 Rb2 30. Rd8+ Kg7 31. Ra8 a2 32. Ke1 Rb1+ 33. Kf2 a1Q 34. Rxa1 Rxa1 35. Kg3 f6 36. h4 Ra3+ 37. Kf2 Kh6 38. g5+ fxg5 39. hxg5+ Kh5 40. Kg2 Kh4 41. Kf2 Kg4 42. f5 gxf5 43. Kg2 Ra2+ 44. Kf1 Kf3 45. Kg1 f4 46. Kh1 Kg3 47. g6 hxg6 48. Kg1 Ra1# 0-1

[Event "SVK-ch U12"]
[Site "Lubovna"]
[Date "2013.04.06"]
[Round "1"]
[White "Ihnat, Marek"]
[Black "Hadzala, Juraj"]
[Result "1-0"]
[WhiteElo "1314"]
[BlackElo "1000"]
[PlyCount "133"]
[EventDate "2013.04.06"]
[EventType "swiss"]
[EventRounds "9"]
[EventCountry "SVK"]
[SourceTitle "CBM 153 Extra"]
[Source "ChessBase"]
[SourceDate "2013.04.22"]
[SourceVersion "1"]
[SourceVersionDate "2013.04.22"]
[SourceQuality "1"]

1. e4 c5 2. c4 Nc6 3. g3 Nf6 4. Bg2 g6 5. d3 Bg7 6. Nc3 Qa5 7. Nge2 0-0 8. 0-0 Nd4 9. Bd2 Nxe2+ 10. Qxe2 Qb6 11. b3 Ne8 12. Qe3 Bd4 13. Qh6 Nf6 14. Rac1 Ng4 15. Qf4 Ne5 16. Nd5 Qd6 17. Qg5 f6 18. Qh4 Rf7 19. Bf4 g5 20. Bxg5 fxg5 21. Qxg5+ Rg7 22. Qd2 e6 23. Nf6+ Kf8 24. Rcd1 Nc6 25. Qh6 Bxf6 26. Qxf6+ Rf7 27. Qh6+ Kg8 28. Qh5 Nb4 29. e5 Qd4 30. Qe2 Rf5 31. a3 Rxe5 32. Qd2 Nc6 33. Qh6 Qg4 34. Bh3 Qg5 35. Qxg5+ Rxg5 36. f4 Rg6 37. Rfe1 b6 38. Bg2 Bb7 39. b4 Rf8 40. b5 Na5 41. Be4 Bxe4 42. Rxe4 d5 43. cxd5 exd5 44. Re7 Rxf4 45. Rxa7 Ra4 46. Re1 Rf6 47. Re8+ Rf8 48. Ree7 Rg4 49. Rxh7 Rf6 50. Rhd7 Rf8 51. Rxd5 Rf7 52. Ra6 c4 53. Rxb6 c3 54. Rc5 Rb7 55. Rxb7 Nxb7 56. Rxc3 Nd6 57. Rb3 Rg5 58. a4 Nb7 59. b6 Rg4 60. a5 Nxa5 61. b7 Nxb7 62. Rxb7 Rd4 63. Rb3 Kf7 64. Kf2 Ke6 65. Ke3 Ra4 66. Rb1 Ra3 67. Rd1 1-0